| 000 | 00628nam a2200205Ia 4500 | ||
|---|---|---|---|
| 005 | 20250923144829.0 | ||
| 008 | 008 250917s9999 xx 000 0 eng d | ||
| 037 | _aTextual | ||
| 040 |
_aDSWL _beng _cDSWL |
||
| 041 |
_aeng _2eng |
||
| 084 |
_aY592.2'N5, N60 _qDSWL |
||
| 100 |
_aMarriott, Mckim _9828851 |
||
| 245 | 0 |
_aCaste Ranking and Community Structure in live Regions of India and Pakistan _cby Mckim Marriott |
|
| 260 |
_aPoona _bDeccanCollege Press Gradua _c1960 |
||
| 300 | _a75p. | ||
| 365 |
_aINR _b5 |
||
| 925 | _g5 | ||
| 942 |
_cTEXL _hY592.2'N5, N60 |
||
| 999 |
_c1443886 _d1443886 |
||